Statistics for Ariana Grande Song Antonyms

Click here to take the quiz!

General Stats

  • This quiz has been taken 217 times
  • The average score is 9 of 15

Answer Stats

Hint Answer % Correct
Hate You SofterLove Me Harder
96%
Harmless ManDangerous Woman
89%
Your NothingMy Everything
84%
Left HereRight There
83%
SolutionProblem
75%
Out Of MeInto You
73%
Direct From DirectSide To Side
66%
Feet In YouHands On Me
61%
None NightEveryday
59%
Fix PrisonedBreak Free
58%
Good IndeterminationsBad Decisions
53%
I'd Always IgnoreYou'll Never Know
30%
NeglectFocus
30%
Grown Up YouBaby I
20%
Avoid ThemTouch It
7%

Score Distribution

Percentile by Number Answered

Percent of People with Each Score

Your Score History

You have not taken this quiz